[Event "Kragero Resort A 2020"]
[Site "Kragero"]
[Date "2020.02.20"]
[Round "4.11"]
[White "Moiseenko, Vadim"]
[Black "Khachatryan, Vahagn"]
[Result "1/2-1/2"]
[WhiteElo "2550"]
[BlackElo "2276"]
[Annotator "TA"]
[PlyCount "48"]
[EventDate "2020.02.19"]
[EventType "swiss"]
[EventCountry "NOR"]
[SourceTitle "playchess.com"]
[Source "ChessBase"]
[SourceQuality "1"]

{[%evp 9,48,8,2,-13,-3,-22,-22,-22,0,-17,-23,-18,-8,-21,-17,-25,0,0,0,0,0,0,101,119,96,114,208,-3,320,-17,-6,-47,-50,-167,-149,-228,-154,-186,-100,-348,-333]} 1. e4 c6 2. d4 d5 3. f3 e6 4. Nc3 Bb4 5. Qd3 b6 6. Qe3 {B12: Caro-Kann: Advance Variation.} Nf6 7. a3 Be7 8. e5 {The position is equal.} Nfd7 9. f4 c5 10. Nf3 {[#]} Nc6 $146 ({Predecessor:} 10... O-O 11. Qf2 f6 12. Bd3 fxe5 13. dxe5 Nc6 14. Qg3 Nd4 15. Qh3 Nxf3+ 16. gxf3 Bh4+ {1-0 (26) Ivanov,S (2460)-Shevelev,L Leningrad 1990}) 11. Ne2 Ba6 12. c3 Rc8 13. f5 cxd4 14. Nexd4 {[%mdl 64] Discovered Attack} Bxf1 15. Rxf1 Bc5 (15... Nxd4 $11 {keeps the balance.} 16. Nxd4 O-O) 16. fxe6 $16 fxe6 17. Ng5 {And now Qh3 would win.} Ndxe5 {[#]} (17... Bxd4 $16 18. cxd4 Rf8) 18. Ngxe6 $2 ({Only move:} 18. Qh3 $1 $18 Qd7 19. Ngxe6 Bxd4 20. cxd4 (20. Nxg7+ Kd8 $16) 20... Nxd4 21. Nxd4) 18... Qe7 $2 {[%mdl 8192]} (18... Qh4+ $11 19. g3 Qg4) 19. Nxc5 $2 (19. Qh3 $18 Nxd4 20. cxd4) 19... bxc5 $11 20. Nf5 Qd7 {Threatens to win with ...0-0.} 21. Qh3 (21. Qg3 $15 O-O 22. Bh6) 21... O-O $19 {Strongly threatening ...d4.} 22. Bg5 Rf7 {White must now prevent ...Rcf8.} 23. O-O-O {[#]} Rcf8 ({Black should try} 23... Rb8 $1 $19 {...Qb7 is the strong threat.} 24. Kb1 d4 25. cxd4 cxd4) 24. Ne3 $2 (24. Ng3 $17 {was necessary.}) 24... Qxh3 {[%mdl 32768] Accuracy: White = 51%, Black = 46%. . An unexpected result.} 1/2-1/2

[Event "Kragero Resort A 2020"]
[Site "Kragero"]
[Date "2020.02.20"]
[Round "4.12"]
[White "Radeva, Viktoria"]
[Black "Vrolijk, Liam"]
[Result "1/2-1/2"]
[WhiteElo "2320"]
[BlackElo "2501"]
[Annotator "ChessBase"]
[PlyCount "52"]
[EventDate "2020.02.19"]
[EventType "swiss"]
[EventCountry "NOR"]
[SourceTitle "playchess.com"]
[Source "ChessBase"]
[SourceQuality "1"]
[TimeControl "5400+30"]

1. e4 {[%emt 0:01:23]} e5 {[%emt 0:00:09]} 2. Nf3 {[%emt 0:00:04]} Nc6 {[%emt 0:00:17]} 3. Bc4 {[%emt 0:00:12]} Nf6 {[%emt 0:00:16]} 4. d3 {[%emt 0:00:33]} Be7 {[%emt 0:00:53]} 5. O-O {[%emt 0:00:00]} O-O {[%emt 0:00:07]} 6. Re1 {[%emt 0:00:53]} d6 {[%emt 0:00:19]} 7. a4 {[%emt 0:00:12]} Kh8 {[%emt 0:02:30]} 8. h3 {[%emt 0:02:11]} Ng8 {[%emt 0:00:00]} 9. a5 {[%emt 0:01:03]} a6 {[%emt 0:00:25]} 10. Nc3 {[%emt 0:00:10]} f5 {[%emt 0:01:09]} 11. Nd5 {[%emt 0:00:11]} fxe4 {[%emt 0:04:00]} 12. dxe4 {[%emt 0:02:06]} Bf6 {[%emt 0:03:26]} 13. c3 {[%emt 0:03:26]} Nce7 {[%emt 0:06:51]} 14. Nxf6 {[%emt 0:04:03]} Nxf6 {[%emt 0:09:32]} 15. Bg5 {[%emt 0:19:40]} Qe8 {[%emt 0:00:00]} 16. Nh4 {[%emt 0:19:26]} h6 {[%emt 0:00:00]} 17. Bxf6 {[%emt 0:02:37]} Rxf6 {[%emt 0:00:00]} 18. Re3 {[%emt 0:01:39]} g5 {[%emt 0:00:09]} 19. Nf3 {[%emt 0:06:56]} Bd7 {[%emt 0:02:56]} 20. Nh2 {[%emt 0:01:48]} Rf4 {[%emt 0:01:54]} 21. g3 {[%emt 0:09:19]} Rf8 {[%emt 0:01:56]} 22. Bf1 {[%emt 0:00:18]} Qg6 {[%emt 0:01:52]} 23. Bg2 {[%emt 0:01:22]} Rf7 {[%emt 0:03:03]} 24. Rf3 {[%emt 0:04:45]} Raf8 {[%emt 0:00:55]} 25. Rxf7 {[%emt 0:00:06]} Qxf7 {[%emt 0:00:07]} 26. Qd2 {[%emt 0:00:17]} Kg7 {[%emt 0:00:52]} 1/2-1/2

[Event "Kragero Resort A 2020"]
[Site "Kragero"]
[Date "2020.02.20"]
[Round "4.13"]
[White "Beerdsen, Thomas"]
[Black "Doluhanova, Evgeniya"]
[Result "1-0"]
[WhiteElo "2497"]
[BlackElo "2258"]
[Annotator "TA"]
[PlyCount "65"]
[EventDate "2020.02.19"]
[EventType "swiss"]
[EventCountry "NOR"]
[SourceTitle "playchess.com"]
[Source "ChessBase"]
[SourceQuality "1"]

{[%evp 12,65,16,16,31,29,26,36,23,0,40,7,20,-10,30,0,0,5,16,14,14,-39,23,30,65,70,77,86,83,84,167,162,275,280,269,277,258,240,201,166,234,235,212,218,320,312,374,369,391,280,470,282,503,371,29986,29987]} 1. e4 e5 2. Nf3 Nc6 3. Bc4 Bc5 4. c3 Nf6 5. d3 O-O 6. O-O d6 7. Re1 {The modern move.} a6 {C54: Giuoco Piano: 4 c3 Nf6, main lines with 5 d4 and 5 d3.} 8. a4 Be6 9. Bxe6 fxe6 {White is slightly better.} 10. h3 {[#]} Qe8 $146 ({Predecessor:} 10... Ba7 11. Be3 Bxe3 12. Rxe3 Qd7 13. Nbd2 h6 14. a5 Qf7 15. b4 Nh5 16. Nf1 Nf4 {1-0 (65) Nedev,T (2485)-Georgiev,K (2596) Skopje 2018}) 11. Nbd2 Nh5 12. Nf1 Ne7 13. d4 exd4 14. cxd4 Bb4 15. Bd2 Bxd2 16. Qxd2 (16. N1xd2 $11 Qg6 17. Nf1) 16... Ng6 (16... Rxf3 $15 17. gxf3 Qg6+ 18. Kh1 Qf7) 17. Ra3 $11 Ngf4 18. Kh2 e5 {Black is on the road to losing.} 19. dxe5 dxe5 20. Qc3 Rd8 (20... Qe6 $16) 21. Qxc7 $18 (21. Nxe5 $6 Ne6 $14) 21... Nxg2 (21... h6 $142 22. Qxb7 (22. Nxe5 Rc8 $16) 22... Qe6) 22. Kxg2 Nf4+ 23. Kh2 Qe6 24. Ng5 (24. Nxe5 Rc8 $11) 24... Qf6 25. Rg3 {[%cal Ba3g3,Bg3g2,Bg2g1][%mdl 32]} ({Stronger than} 25. Qxb7 Qxg5 26. Rg3 Qf6 $11) 25... Nh5 (25... Rc8 {is a better defense.} 26. Qxb7 Rb8) 26. Rg2 Nf4 {[#]} 27. Rg1 $1 h6 {[#]} (27... Rc8 {was called for.} 28. Qd7 (28. Qxb7 Rb8 $16) 28... h6) 28. Nf3 $1 ({Weaker is} 28. Qxb7 hxg5 29. Qb3+ Ne6 $17) 28... Nd3 {...Rf7 is the strong threat.} 29. Re3 Nxf2 30. Qxe5 Qf7 $2 (30... Qxe5+ 31. Nxe5 Rde8) 31. Nd4 Rfe8 $2 (31... Rde8 {keeps fighting.} 32. Qd5 Nxe4 33. Qxf7+ Rxf7) 32. Nf5 Kf8 $2 (32... Rxe5 $18 33. Nxh6+ {[%mdl 64] Double Attack} Kf8 34. Nxf7 Kxf7 35. Rf3+ {[%mdl 64] Double Attack} Kg8 36. Rxf2 Rxe4) 33. Qc5+ {Accuracy: White = 67%, Black = 29%.} 1-0

[Event "Kragero Resort A 2020"]
[Site "Kragero"]
[Date "2020.02.20"]
[Round "4.14"]
[White "Ranaldi, Lucas"]
[Black "Castellanos Rodriguez, Renier"]
[Result "1/2-1/2"]
[WhiteElo "2302"]
[BlackElo "2481"]
[Annotator "ChessBase"]
[PlyCount "43"]
[EventDate "2020.02.19"]
[EventType "swiss"]
[EventCountry "NOR"]
[SourceTitle "playchess.com"]
[Source "ChessBase"]
[SourceQuality "1"]
[TimeControl "5400+30"]

1. Nf3 {[%emt 0:00:00]} d5 {[%emt 0:00:18]} 2. e3 {[%emt 0:00:03]} Nf6 {[%emt 0:03:47]} 3. c4 {[%emt 0:00:07]} c6 {[%emt 0:00:44]} 4. Nc3 {[%emt 0:00:08]} e6 {[%emt 0:00:52]} 5. b3 {[%emt 0:00:10]} Bd6 {[%emt 0:00:23]} 6. Bb2 {[%emt 0:00:11]} O-O {[%emt 0:00:35]} 7. Be2 {[%emt 0:00:24]} Re8 {[%emt 0:01:37]} 8. d4 {[%emt 0:00:38]} Nbd7 {[%emt 0:00:44]} 9. O-O {[%emt 0:02:46]} b6 {[%emt 0:01:33]} 10. Qc2 {[%emt 0:01:06]} Bb7 {[%emt 0:00:22]} 11. Rad1 {[%emt 0:01:03]} Qe7 {[%emt 0:00:45]} 12. Rfe1 {[%emt 0:01:15]} Bb4 {[%emt 0:02:18]} 13. Bd3 {[%emt 0:16:57]} h6 {[%emt 0:05:26]} 14. Re2 {[%emt 0:03:22]} Bxc3 {[%emt 0:10:40]} 15. Qxc3 {[%emt 0:06:30]} c5 {[%emt 0:00:33]} 16. cxd5 {[%emt 0:03:36]} Nxd5 {[%emt 0:00:49]} 17. Qe1 {[%emt 0:01:20]} Rac8 {[%emt 0:03:11]} 18. Red2 {[%emt 0:04:59]} Red8 {[%emt 0:01:18]} 19. Bb1 {[%emt 0:03:23]} c4 {[%emt 0:05:04]} 20. bxc4 {[%emt 0:02:51]} Rxc4 {[%emt 0:00:09]} 21. e4 {[%emt 0:02:08]} Nc3 {[%emt 0:02:08]} 22. Rc1 {[%emt 0:04:47]} 1/2-1/2

[Event "Kragero Resort A 2020"]
[Site "Kragero"]
[Date "2020.02.20"]
[Round "4.15"]
[White "Hauge, Lars Oskar"]
[Black "Heimisson, Hilmir Freyr"]
[Result "1-0"]
[WhiteElo "2472"]
[BlackElo "2250"]
[Annotator "TA"]
[PlyCount "97"]
[EventDate "2020.02.19"]
[EventType "swiss"]
[EventCountry "NOR"]
[SourceTitle "playchess.com"]
[Source "ChessBase"]
[SourceQuality "1"]

{[%evp 9,97,27,31,17,19,4,20,20,23,22,19,15,19,8,10,12,35,31,26,13,13,13,12,11,12,9,20,0,8,0,11,0,0,0,3,0,8,5,10,8,12,0,1,0,34,36,47,47,81,87,92,61,61,62,94,70,208,189,277,263,281,250,329,303,295,281,604,281,29967,29968,29970,29971,29981,29982,29982,29983,29983,29984,29983,29984,29982,29983,29986,29987,29987,29988,29988,29989,29993,29984]} 1. e4 c5 2. Nc3 Nc6 3. Nf3 e5 4. Bc4 d6 5. d3 Be7 6. a3 {B30: Sicilian: 2...Nc6 3 Bb5, lines without ...g6.} Nf6 7. Nd2 O-O 8. Nf1 {The position is equal.} Bg4 9. f3 Be6 10. Ne3 a6 {10...Nd7 is the modern continuation.} 11. Ncd5 {[#]} Bxd5 $146 ({Predecessor:} 11... b5 12. Ba2 Kh8 13. O-O Ng8 14. c3 Bg5 15. f4 exf4 16. Nxf4 Bxa2 17. Rxa2 Bxf4 18. Rxf4 {1-0 (33) Lobzhanidze,D (2501)-Techen,J Vlissingen 2001}) 12. Nxd5 Nxd5 13. Bxd5 Bg5 14. O-O Bxc1 15. Qxc1 Qb6 16. Kh1 Ne7 17. Bb3 Ng6 18. g3 Kh8 19. Qg5 Qc6 20. f4 f6 21. Qh5 Ne7 22. Qf3 b5 23. Be6 $36 {[%mdl 2048] White is pushing.} Rab8 24. f5 Rbd8 25. c4 Qe8 26. g4 Nc6 27. Bd5 Nd4 28. Qg2 Rb8 29. Rf2 Qe7 30. h4 Nb3 31. Rg1 b4 32. g5 bxa3 {Black cannot hold the game after this.} ({Black should play} 32... Rbc8 $1 $14) 33. bxa3 $18 Nd4 (33... Rfc8 $142 34. Qg4 Nd4) 34. g6 h6 {[#]} 35. Rb2 $1 Qc7 36. Rgb1 Rxb2 37. Qxb2 Qa5 $2 (37... a5 38. Qb6 Qd7 39. Qxa5 Nxf5 40. exf5 Qxf5) 38. Kg2 (38. Qb7 $142 {Threatening mate with Qxg7+!} Re8 {[#]} 39. Qd7 $1 {[%mdl 512]}) 38... Nb3 $2 (38... Rd8 $18 39. Kf1 Qa4) 39. Qxb3 {White mates.} Qd2+ 40. Kf1 Qf4+ 41. Ke2 Qh2+ 42. Kd1 Qg1+ 43. Kc2 Qf2+ 44. Kc1 a5 45. Qc2 Qxh4 46. Kb2 Qg3 47. Ka2 Qe3 48. Rb7 Qd4 49. Qb2 {Accuracy: White = 88%, Black = 69%.} 1-0

[Event "Kragero Resort A 2020"]
[Site "Kragero"]
[Date "2020.02.20"]
[Round "4.16"]
[White "Thorgeirsson, Jon Kristinn"]
[Black "Holm, Kristian Stuvik"]
[Result "0-1"]
[WhiteElo "2269"]
[BlackElo "2467"]
[Annotator "ChessBase"]
[PlyCount "52"]
[EventDate "2020.02.19"]
[EventType "swiss"]
[EventCountry "NOR"]
[SourceTitle "playchess.com"]
[Source "ChessBase"]
[SourceQuality "1"]
[TimeControl "5400+30"]

1. d4 {[%emt 0:00:00]} Nf6 {[%emt 0:00:00]} 2. c4 {[%emt 0:00:21]} g6 {[%emt 0:00:00]} 3. Nc3 {[%emt 0:00:06]} d5 {[%emt 0:00:00]} 4. Nf3 {[%emt 0:01:14]} Bg7 {[%emt 0:00:00]} 5. cxd5 {[%emt 0:01:54]} Nxd5 {[%emt 0:00:11]} 6. Qb3 {[%emt 0:00:06]} Nxc3 {[%emt 0:02:14]} 7. bxc3 {[%emt 0:00:07]} c5 {[%emt 0:03:33]} 8. e3 {[%emt 0:02:10]} O-O {[%emt 0:00:56]} 9. Ba3 {[%emt 0:03:50]} cxd4 {[%emt 0:02:14]} 10. cxd4 {[%emt 0:00:11]} Nc6 {[%emt 0:00:58]} 11. Nd2 {[%emt 0:13:57]} Be6 {[%emt 0:09:52]} 12. Bc4 {[%emt 0:01:36]} Na5 {[%emt 0:01:33]} 13. Qb5 {[%emt 0:11:49]} a6 {[%emt 0:06:10]} 14. Qb4 {[%emt 0:00:13]} Nxc4 {[%emt 0:00:18]} 15. Nxc4 {[%emt 0:00:05]} Qd5 {[%emt 0:00:10]} 16. Nb6 {[%emt 0:00:24]} Qxg2 {[%emt 0:00:28]} 17. O-O-O {[%emt 0:00:18]} Rad8 {[%emt 0:04:45]} 18. Qb2 {[%emt 0:15:17]} Bf5 {[%emt 0:04:04]} 19. Bc5 {[%emt 0:12:09]} Rfe8 {[%emt 0:02:21]} 20. Rhg1 {[%emt 0:05:07]} Qxh2 {[%emt 0:05:02]} 21. f3 {[%emt 0:00:58]} Qc7 {[%emt 0:03:57]} 22. Qa3 {[%emt 0:01:48]} e5 {[%emt 0:04:08]} 23. e4 {[%emt 0:07:10]} exd4 {[%emt 0:00:20]} 24. Rg2 {[%emt 0:04:51]} Be6 {[%emt 0:01:15]} 25. Rc2 {[%emt 0:00:41]} Qf4+ {[%emt 0:03:47]} 26. Kb1 {[%emt 0:00:10]} Qg5 {[%emt 0:05:32]} 0-1

[Event "Kragero Resort A 2020"]
[Site "Kragero"]
[Date "2020.02.20"]
[Round "4.17"]
[White "Vestby-Ellingsen, Mads"]
[Black "Fossan, Aleksander"]
[Result "1-0"]
[WhiteElo "2357"]
[BlackElo "2193"]
[Annotator "TA"]
[PlyCount "75"]
[EventDate "2020.02.19"]
[EventType "swiss"]
[EventCountry "NOR"]
[SourceTitle "playchess.com"]
[Source "ChessBase"]
[SourceQuality "1"]

{[%evp 9,74,-17,-19,-20,-32,-43,-28,-46,30,25,43,52,46,27,13,6,15,-25,130,49,136,40,142,116,122,100,98,73,87,92,117,112,105,116,207,206,303,304,310,287,425,128,424,366,1285,1285,1676,1660,1554,0,247,0,1476,1470,2140,1673,29972,29972,3324,5727,29991,29992,29997,29998,29998,29999,29999]} 1. d4 Nf6 2. Bg5 c5 3. d5 Ne4 4. Bf4 Qb6 5. Nd2 Qxb2 {...Nc3 is the strong threat.} 6. Nxe4 {A45: Trompowsky Attack.} Qb4+ {[%mdl 64] Double Attack} 7. c3 Qxe4 8. e3 {Black has an edge.} g6 (8... g5 $15 9. Bg3 Bg7) 9. Nf3 $11 Bg7 10. Rc1 {[%mdl 1024] Threatens to win with c4. White has compensation.} O-O 11. c4 {aiming for Bd3.} Qf5 $1 {[#]} 12. Bd3 $146 ({Predecessor:} 12. Bg5 e5 13. Be7 Re8 14. Nh4 Qh5 15. Qxh5 gxh5 16. Bxc5 b6 17. Ba3 Bb7 18. Nf5 {1-0 (55) Rozman,L (2287)-Ashland,M ICC INT 2014}) 12... Qf6 $1 13. h4 b5 $2 (13... Qb2 $11) 14. h5 ({White should play} 14. cxb5 $16 {Hoping for d6.} Qb2 15. Bg5) 14... Qb2 ({Better is} 14... bxc4 $14 15. Be5 (15. Bxc4 Qb6 $11) (15. Rxc4 Qb2 $11) 15... Qb6 16. Bxg7 (16. Rxc4 Bxe5 17. Nxe5 Ba6 $11) 16... Kxg7 17. Rxc4 Ba6) 15. cxb5 (15. hxg6 $1 $16 hxg6 16. cxb5) 15... Bb7 (15... d6 $14) 16. hxg6 hxg6 17. O-O d6 18. e4 Nd7 {[#]} 19. a4 $1 Rfc8 20. Re1 Qa3 21. Bf1 Nb6 {[#]} (21... a6 $16) 22. Ng5 $1 $18 Qxa4 (22... Nd7 $142 23. Re3 Qb2) 23. Qg4 Qd4 24. Re3 Rc7 (24... Bh6 $142 25. Rh3 Bxg5 26. Qxg5 Qf6) 25. Rf3 $2 (25. Qh4 $18) 25... Nd7 $2 {[%mdl 8192] [#]} (25... Bf6 $16) 26. Nxf7 $1 {[%mdl 576] Discovered Attack} Nf6 $2 (26... Qxe4 27. Bd3 Nf6) (26... Kxf7 27. Be5+) 27. Qxg6 Qxe4 28. Nh6+ Kh8 29. Nf7+ $2 (29. Nf5 Qxf5 30. Qxf5 Bxd5 31. Rg3) 29... Kg8 30. Nh6+ $2 $40 {[%mdl 128] White attacks.} (30. Qg3 c4 31. Nh6+ (31. Bh6 Qg4 $16) 31... Kh8 32. Nf7+ Kg8 33. Nh6+ (33. Bh6 Qg4 $16) 33... Kh8 34. Qh3) 30... Kh8 31. Nf5 {[%csl Gf5][%cal Rg6g7]} e5 32. dxe6 {Threatening mate with Rh3+.} Qxe6 33. Rh3+ Kg8 {[#]} 34. Re1 $3 {[%mdl 512]} Be4 {[#]} (34... Qxe1 35. Nh6+) 35. Rxe4 $1 {[%mdl 576] Back Rank. White mates.} Qxe4 36. Nh6+ Kf8 37. Bxd6+ {[%mdl 64] Double Attack} Re7 38. Qf7# {[%mdl 64] Pin. Accuracy: White = 76%, Black = 30%.} 1-0

[Event "Kragero Resort A 2020"]
[Site "Kragero"]
[Date "2020.02.20"]
[Round "4.18"]
[White "Sjoberg, Isak"]
[Black "Alinasab, Mobina"]
[Result "0-1"]
[WhiteElo "2218"]
[BlackElo "2333"]
[Annotator "TA"]
[PlyCount "94"]
[EventDate "2020.02.19"]
[EventType "swiss"]
[EventCountry "NOR"]
[SourceTitle "playchess.com"]
[Source "ChessBase"]
[SourceQuality "1"]

{[%evp 22,94,33,5,20,0,0,0,0,0,0,0,-13,-72,0,0,0,0,0,0,0,0,0,-208,-185,-181,-200,-463,-441,-426,-321,-314,-81,-66,-54,-51,-68,-126,-108,-108,-117,-102,-26,-15,0,-118,-99,-108,-104,-103,-100,-180,-180,-165,-100,-192,0,-169,0,-158,-151,-237,-228,-723,-446,-950,-935,-969,-969,-970,-933,-1169,-1129,-1114,-1004]} 1. e4 c5 2. Nf3 d6 3. d4 cxd4 4. Qxd4 Nc6 5. Bb5 Bd7 6. Qd3 Nf6 7. c4 a6 8. Bxc6 Bxc6 9. Nc3 g6 10. O-O Bg7 11. h3 O-O 12. Be3 Nd7 {B53: Sicilian: 2...d6: Lines with Qxd4.} 13. Bd4 Ne5 14. Bxe5 $1 dxe5 {The position is equal.} 15. Qe3 e6 16. Rfd1 Qe7 {[#]} 17. Rd2 $146 (17. c5 $11) ({Predecessor:} 17. a3 Rfd8 18. b4 Rac8 19. c5 Qf6 20. Rxd8+ Rxd8 21. Rd1 Rxd1+ 22. Nxd1 Qf4 23. Nd2 {1-0 (50) Juhasz,B (2145)-Erseki,T (1819) Budapest 2015}) 17... f5 (17... b5 $17) 18. Rad1 $11 fxe4 19. Nxe4 Rf4 20. Qc5 Qxc5 21. Nxc5 Rxc4 22. Rd8+ $2 (22. Nxe6 $11 {and White has nothing to worry.} Bxf3 23. gxf3) 22... Rxd8 $19 23. Rxd8+ Kf7 24. Nxb7 $2 (24. Nd3 {keeps fighting.} e4 25. Nfe5+ Ke7 26. Nxc4 Kxd8 27. Nb4) 24... Rc1+ (24... Bxb7 25. Rd7+ Kf6 26. Rxb7 $11) 25. Kh2 {Threatening Rc8.} Ke7 26. Rc8 {Hoping for Rc7+.} Bh6 $2 (26... Kd7 $19 {and Black stays clearly on top.} 27. Rd8+ Kc7) 27. Rc7+ $17 Ke8 $1 {And now ...Bf4+ would win.} 28. Nd6+ ({Don't blunder} 28. Rxh7 $2 Bf4+ 29. g3 Bxf3 $19) 28... Kd8 29. Rxc6 (29. Rf7 $15 Bf4+ 30. g3) 29... Bf4+ 30. g3 Rxc6 {[%mdl 4096] Endgame KRB-KNN} 31. Nf7+ Ke7 (31... Ke8 $1 $17 {[%cal Re8f7]} 32. gxf4 Rc2 33. Nd6+ (33. N7xe5 Rxf2+ 34. Kg3 Rxb2 $17) 33... Ke7) 32. gxf4 $11 e4 33. Nd4 {[#]} (33. N3e5 $11 Rc2 34. Kg3) 33... Rb6 $1 $17 ({Inferior is} 33... Rc4 34. Ne5 $16) 34. Ng5 Rxb2 {[%mdl 64] Strongly threatening ...e3. Double Attack} 35. Nxe4 Rxa2 36. Kg3 {[#]} (36. Nc6+ $17 Ke8 37. Nf6+ Kf7 38. Nxh7) 36... a5 $1 $19 {[%cal Ba6a5,Ba5a4,Ba4a3][%mdl 1056] Black has strong compensation.} 37. Nc6+ Kd7 (37... Kf8 $19 38. Nf6 Kg7) 38. Ne5+ (38. Nxa5 $17 Ra3+ 39. f3 Rxa5 40. Nf6+ Ke7 41. Nxh7) 38... Ke7 {Threatens to win with ...Rc2.} 39. Nc6+ Kd7 40. Ne5+ Kc7 41. Nc5 (41. Nc4 $17 {might work better.}) 41... a4 42. Nxe6+ $2 (42. f3) 42... Kd6 {Black is clearly winning.} 43. Ng5 (43. Nd4 $142 Kd5 44. Nef3) 43... Rc2 44. Nd3 a3 45. Ne4+ Kc7 46. Ne1 Rb2 47. Nd3 Rb1 {Played: Rb2-b3} 0-1

[Event "Kragero Resort A 2020"]
[Site "Kragero"]
[Date "2020.02.20"]
[Round "4.19"]
[White "Altarbosh, Ward"]
[Black "Lie, Espen"]
[Result "1-0"]
[WhiteElo "2149"]
[BlackElo "2490"]
[Annotator "TA"]
[PlyCount "114"]
[EventDate "2020.02.19"]
[EventType "swiss"]
[EventCountry "NOR"]
[SourceTitle "playchess.com"]
[Source "ChessBase"]
[SourceQuality "1"]

{[%evp 11,114,0,23,-10,89,-4,-14,-34,49,52,52,44,51,14,14,12,11,10,8,0,7,12,8,0,0,0,10,16,20,0,8,0,0,0,0,0,0,-3,0,-4,-4,-4,-2,-16,-12,-31,0,-24,-33,-24,-18,-16,0,-7,0,-15,-20,-20,-20,-34,-43,-39,0,-9,-9,-11,-11,-11,-15,-57,-49,-51,-58,-56,-14,-61,-69,-137,-100,-93,-58,-53,-60,-60,306,306,306,306,1572,1653,1737,1648,1456,1451,1765,1708,29976,29978,29977,29977,4627,596,29994,0,2685]} 1. Nf3 d5 2. d4 e6 3. g3 c5 4. c3 Nc6 5. Bg2 Nf6 6. O-O b6 7. Ne5 {D02: 1 d4 d5 2 Nf3 sidelines, including 2...Nf6 3 g3 and 2...Nf6 3 Bf4.} (7. c4 $5) 7... Qc7 {[#]} (7... Bb7 $11) 8. Qa4 (8. Bf4 $1 $16) 8... Bb7 $11 {[#]} 9. c4 $146 ({Predecessor:} 9. Nd2 Bd6 10. Ndf3 O-O 11. Bf4 Ne4 12. Nd3 Bxf4 13. Nxf4 g5 14. Nd3 c4 15. Nde5 {½-½ (22) Martin Barbero,R (1963)-Ferrer Echevarri,F (1997) Aragon 2008}) 9... cxd4 (9... O-O-O $15 10. Nf3 cxd4) 10. Bf4 $14 {aiming for cxd5.} Bd6 11. cxd5 Nxd5 12. Nxc6 Bxc6 13. Bxd6 Qxd6 ({But not} 13... Bxa4 $6 14. Bxc7 Nxc7 15. Bxa8 $16) 14. Qxd4 O-O $1 15. Rd1 {And now e4 would win.} Qe7 16. Na3 Rad8 17. Qc4 Rc8 18. Rac1 Qb7 19. Qd4 Nf6 20. Rxc6 Rxc6 21. Bxc6 Qxc6 22. Qc4 (22. Rd2 {seems wilder.} Rc8 23. Rc2 Qe8 24. Rxc8 Qxc8 25. Nc4) 22... Qxc4 23. Nxc4 $11 {[%mdl 4096] Endgame KRN-KRN} Rc8 24. f3 Kf8 25. b3 Ke7 26. e4 b5 27. Ne5 g5 28. g4 Rc2 29. a4 bxa4 30. bxa4 Rc5 31. Nd3 Rc3 32. Ne5 Rc5 33. Nd3 Ra5 34. Rb1 Nd7 35. Rb4 Nb6 36. Nb2 $1 f5 37. Kf1 Rc5 38. gxf5 exf5 39. exf5 Kf6 40. Kf2 Rc2+ {[%mdl 1024] Black has compensation.} 41. Kg1 Nd5 42. Rb7 Nf4 43. a5 h5 44. Rb3 (44. Kf1 $15) 44... h4 {White must now prevent ...h3.} 45. Nd3 Ne2+ ({Of course not} 45... Kxf5 $6 46. Rb5+ Kg6 47. Nxf4+ gxf4 48. Rb7 $11) 46. Kf1 Nd4 47. Rb7 Rxh2 $2 {[%mdl 8192]} (47... h3 $15 48. f4 g4) 48. Nf2 $18 Kxf5 49. Rxa7 {Strongly threatening a6.} g4 $2 (49... Nc6 50. Ra8 h3) 50. fxg4+ Kf4 51. Rf7+ Kg3 52. a6 {White wants to mate with a7.} Nb5 53. g5 h3 54. g6 Rg2 55. g7 Kh2 {[#]} 56. Ke1 (56. Nxh3 $142 $1 {[%mdl 512] Intending Rf2 and mate.} Rg4 (56... Kxh3 57. Rf3+) 57. Nf4 Rg3 58. a7 Rg1+ 59. Kf2 Nc3 60. a8=Q Nd1+ 61. Ke2) 56... Kg3 57. Kf1 (57. g8=Q+ $142 Kh2 58. Qb8+ {[%mdl 64] Double Attack} Nc7 {[%mdl 64] Back Rank} 59. Qxc7+ Kg1 60. Nxh3+ Kh1 61. Rf1+ Rg1 62. Rxg1#) 57... Kh2 $1 {Accuracy: White = 77%, Black = 63%.} 1-0

[Event "Kragero Resort A 2020"]
[Site "Kragero"]
[Date "2020.02.20"]
[Round "4.20"]
[White "Skotheim, Andreas"]
[Black "Kaasen, Tor Fredrik"]
[Result "0-1"]
[WhiteElo "2140"]
[BlackElo "2393"]
[Annotator "TA"]
[PlyCount "64"]
[EventDate "2020.02.19"]
[EventType "swiss"]
[EventCountry "NOR"]
[SourceTitle "playchess.com"]
[Source "ChessBase"]
[SourceQuality "1"]

{[%evp 13,64,22,30,28,20,0,0,0,8,25,18,16,16,6,35,16,16,0,9,15,12,8,0,-158,-167,-166,-172,-158,-165,-204,-196,-195,-197,-188,-177,-164,-166,-251,-252,-341,-342,-345,-350,-344,-220,-317,-313,-518,-518,-593,-593,-552,-552]} 1. e4 c5 2. Nf3 Nc6 3. Bb5 g6 4. Bxc6 bxc6 5. O-O Bg7 6. Re1 Nh6 7. c3 O-O 8. h3 {B31: Sicilian: 2...Nc6 3 Bb5 g6.} f5 {[#]} 9. d4 $146 ({Predecessor:} 9. e5 Nf7 10. d4 cxd4 11. cxd4 c5 12. dxc5 Bb7 13. Na3 Qc7 14. Be3 Bxf3 15. Qxf3 Nxe5 {1-0 (40) Giri,A (2776)-Le,Q (2713) Bucharest 2019}) 9... fxe4 10. Rxe4 {The position is equal.} d5 11. Re1 cxd4 12. cxd4 Nf5 13. Nc3 Rb8 14. Na4 Qd6 15. b3 Rb4 {[%cal Rf5d4]} 16. Bb2 Qf4 17. a3 Rxd4 18. Nxd4 $2 ({White should play} 18. Qc1 $1 $11) 18... Nxd4 $17 19. Rxe7 Qxf2+ 20. Kh1 Bf6 $1 $40 {[%mdl 128] Black attacks with force.} 21. Qe1 Bxe7 22. Qxf2 Rxf2 23. Bxd4 Rd2 24. Bxa7 Bf5 $1 25. Nc5 {[#]} (25. Kg1 {might work better.}) 25... d4 $1 $19 26. b4 d3 27. g4 {[#]} Bxc5 $1 28. Bxc5 Be4+ 29. Kg1 Re2 {Hoping for ...d2.} 30. Bf2 $2 (30. Bd4 d2 31. Bc3) 30... d2 {Black is clearly winning.} 31. Kf1 Bd3 {( -> ...Re1+!)} 32. Kg2 {and the idea Kf3 leaves White hopeful.} Bc2 {Accuracy: White = 60%, Black = 100%.} 0-1